| Tag |
First Indicator |
Second Indicator |
Subfields |
| LEADER |
00000cam a22000008a 4500 |
| 001 |
in00000086478 |
| 005 |
20151008064525.0 |
| 008 |
801016s1981 mdu b 00110 engm |
| 010 |
|
|
|a 80021694
|
| 020 |
|
|
|a 0801821134
|
| 035 |
|
|
|a (OCoLC)06788197
|
| 035 |
|
|
|9 AAK4336AM
|
| 040 |
|
|
|a DLC
|c DLC
|d m.c.
|d TXA
|d UtOrBLW
|
| 041 |
1 |
|
|a eng
|a fre
|
| 049 |
|
|
|a TXAM
|v 1 [1481939]
|v 2 [1481940]
|
| 050 |
0 |
0 |
|a BF152
|b .C3313
|
| 082 |
0 |
|
|a 155.9
|2 19
|
| 100 |
1 |
|
|a Cabanis, P. J. G.
|q (Pierre Jean Georges),
|d 1757-1808.
|
| 240 |
1 |
0 |
|a Rapports du physique et du moral de l'homme.
|l English
|
| 245 |
1 |
0 |
|a On the relations between the physical and moral aspects of man /
|c by Pierre-Jean-Georges Cabanis ; edited by George Mora ; with introductions by Sergio Moravia and George Mora ; translated by Margaret Duggan Saidi.
|
| 263 |
|
|
|a 8105
|
| 264 |
|
1 |
|a Baltimore :
|b Johns Hopkins University Press,
|c [1981]
|
| 264 |
|
4 |
|c ©1981
|
| 300 |
|
|
|a 2 volumes ;
|c 25 cm.
|
| 336 |
|
|
|a text
|b txt
|2 rdacontent
|
| 337 |
|
|
|a unmediated
|b n
|2 rdamedia
|
| 338 |
|
|
|a volume
|b nc
|2 rdacarrier
|
| 500 |
|
|
|a Translation of: Rapports du physique et du moral de l'homme.
|
| 504 |
|
|
|a Includes bibliographical references and indexes.
|
| 650 |
|
0 |
|a Mind and body
|v Early works to 1800.
|
| 700 |
1 |
|
|a Mora, George,
|d 1923-2006.
|
| 999 |
|
|
|a MARS
|
| 999 |
f |
f |
|s 7070e2bb-f96c-3c02-9138-10c01afa4f95
|i 3831291c-4962-3f2f-abb1-c007f218dbf0
|t 0
|
| 952 |
f |
f |
|p normal
|a Texas A&M University
|b College Station
|c Sterling C. Evans Library
|d Evans: Library Stacks
|t 0
|e BF152 .C3313
|h Library of Congress classification
|i unmediated -- volume
|k v.2
|m A14806086548
|
| 952 |
f |
f |
|p normal
|a Texas A&M University
|b College Station
|c Sterling C. Evans Library
|d Evans: Library Stacks
|t 0
|e BF152 .C3313
|h Library of Congress classification
|i unmediated -- volume
|k v.1
|m A14806086530
|
| 998 |
f |
f |
|a BF152 .C3313
|s v.1-2
|t 0
|l Evans: Library Stacks
|